|
|
|
|
| LEADER |
01633cas a2200241 a 4500 |
| 001 |
AALejournalIMF020507 |
| 008 |
230101c9999 xx r poo 0 0eng d |
| 020 |
|
|
|c 5.00 USD
|
| 020 |
|
|
|z 9781498341233
|
| 022 |
|
|
|a 2663-3493
|
| 040 |
|
|
|a BD-DhAAL
|c BD-DhAAL
|
| 110 |
2 |
|
|a International Monetary Fund.
|
| 245 |
1 |
0 |
|a Unification of Discount Rates Used in External Debt Analysis for Low-Income Countries.
|
| 264 |
|
1 |
|a Washington, D.C. :
|b International Monetary Fund,
|c 2013.
|
| 300 |
|
|
|a 1 online resource (11 pages)
|
| 490 |
1 |
|
|a Policy Papers
|
| 500 |
|
|
|a <strong>Off-Campus Access:</strong> No User ID or Password Required
|
| 500 |
|
|
|a <strong>On-Campus Access:</strong> No User ID or Password Required
|
| 506 |
|
|
|a Electronic access restricted to authorized BRAC University faculty, staff and students
|
| 520 |
3 |
|
|a This paper proposes reforms to the discount rates used by the Bank and the Fund to (a) calculate the present value (PV) of the external debt of low-income countries (LICs) in debt sustainability analyses (DSAs) and (b) to calculate the grant element of individual loans. Consistent with the conclusions of the March 2013 review of the Fund's debt limits policy, the paper proposes a single uniform discount rate to be used for these related operational purposes. It has been prepared as a joint product of Bank and Fund staff, with the exception of the decision, which is Fund-specific.
|
| 538 |
|
|
|a Mode of access: Internet
|
| 830 |
|
0 |
|a Policy Papers; Policy Paper ;
|v No. 2013/026
|
| 856 |
4 |
0 |
|z Full text available on IMF
|u http://elibrary.imf.org/view/journals/007/2013/026/007.2013.issue-026-en.xml
|z IMF e-Library
|